[Event "FIN-chT 1718"]
[Site "Finland"]
[Date "2018.02.03"]
[Round "7.8"]
[White "Rehn, Ralf"]
[Black "Alho, Sauli"]
[Result "1/2-1/2"]
[WhiteElo "2158"]
[BlackElo "2074"]
[PlyCount "62"]
[EventDate "2017.09.16"]
[EventType "team-tourn"]
[EventRounds "11"]
[EventCountry "FIN"]
[SourceTitle "EXT 2019"]
[Source "ChessBase"]
[SourceDate "2018.10.10"]
[SourceVersion "1"]
[SourceVersionDate "2018.10.10"]
[SourceQuality "1"]
[WhiteTeam "Salo SalSK"]
[BlackTeam "Helsinki SSK"]
[WhiteTeamCountry "FIN"]
[BlackTeamCountry "FIN"]

1. Nf3 Nf6 2. c4 d6 3. d4 Nbd7 4. Nc3 e5 5. Bg5 Be7 6. e3 0-0 7. Bd3 h6 8. Bxf6 Bxf6 9. Nd5 exd4 10. Nxf6+ Qxf6 11. Nxd4 Nc5 12. 0-0 a5 13. Nb5 Qe7 14. Bc2 b6 15. b3 Bb7 16. Qg4 g6 17. Rad1 Kh7 18. h4 f5 19. Qh3 h5 20. Nc3 Rae8 21. Nd5 Bxd5 22. Rxd5 Qf6 23. Rfd1 Ne4 24. Bxe4 Rxe4 25. R5d4 Rfe8 26. g3 Qe5 27. Qg2 Qc5 28. Qf3 R8e6 29. Rxe4 Rxe4 30. Rd5 Qc6 31. Rd4 Kg7 1/2-1/2

[Event "FIN-chT 1718"]
[Site "Finland"]
[Date "2017.12.03"]
[Round "6.6"]
[White "Prieur, Eetu"]
[Black "Rehn, Ralf"]
[Result "0-1"]
[WhiteElo "2178"]
[BlackElo "2158"]
[PlyCount "165"]
[EventDate "2017.09.16"]
[EventType "team-tourn"]
[EventRounds "11"]
[EventCountry "FIN"]
[SourceTitle "EXT 2019"]
[Source "ChessBase"]
[SourceDate "2018.10.10"]
[SourceVersion "1"]
[SourceVersionDate "2018.10.10"]
[SourceQuality "1"]
[WhiteTeam "Helsinki Aatos"]
[BlackTeam "Salo SalSK"]
[WhiteTeamCountry "FIN"]
[BlackTeamCountry "FIN"]

1. e4 g6 2. d4 Bg7 3. Nc3 d6 4. f4 Nf6 5. Nf3 0-0 6. Bd3 c5 7. d5 Qb6 8. Rb1 Ng4 9. Qd2 Bxc3 10. Qxc3 c4 11. Bxc4 Qf2+ 12. Kd1 Qxg2 13. Rg1 Qf2 14. f5 Nxh2 15. Bh6 Qxf3+ 16. Be2 Qxc3 17. bxc3 Nd7 18. Bxf8 Kxf8 19. Rg2 Nf6 20. Rxh2 Nxe4 21. Rb3 Kg7 22. fxg6 hxg6 23. c4 Nc5 24. Re3 e5 25. dxe6 Bxe6 26. Rh4 Rd8 27. Rd4 Rd7 28. Bf3 Kf6 29. Bd5 g5 30. Ra3 b6 31. Bc6 Rc7 32. Bf3 Ke5 33. Rd2 g4 34. Bd5 Rd7 35. Bc6 Re7 36. Re3+ Kf4 37. Re1 Rc7 38. Rd4+ Kg5 39. Rxd6 Nb7 40. Bxb7 Rxb7 41. Re4 Rc7 42. Rdd4 Rc5 43. a3 Kh4 44. Ke1 Bc8 45. Rd5 Rc7 46. Red4 Be6 47. Rd8 Kg3 48. Rd3+ Kf4 49. R8d4+ Ke5 50. c3 Rc5 51. Rd2 Kf5 52. Kf2 Bxc4 53. Kg3 Be6 54. R2d3 Kg5 55. Re3 Rc8 56. Re5+ Kf6 57. Re3 Rh8 58. Kf4 Rg8 59. Ra4 Ra8 60. Ra6 Bd7 61. Rd3 Ke7 62. Rd5 Kd8 63. Ra4 Ke7 64. Rc4 Be6 65. Rc7+ Kf6 66. Rd6 Rg8 67. Rd3 Rg5 68. Rxa7 Rf5+ 69. Kg3 Rh5 70. Kf4 Rh1 71. Rb7 Ra1 72. Rxb6 Rxa3 73. Rbd6 Ra1 74. R3d4 Rf1+ 75. Kg3 Rf3+ 76. Kg2 Kg5 77. c4 Rc3 78. Rc6 Kh4 79. Rf4 Rc2+ 80. Rf2 Rc3 81. Rd2 Bf5 82. Re2 Bd3 83. Rf2 0-1

[Event "FIN-chT 1718"]
[Site "Finland"]
[Date "2017.12.02"]
[Round "5.6"]
[White "Rehn, Ralf"]
[Black "Ahvenjarvi, Jani"]
[Result "0-1"]
[WhiteElo "2158"]
[BlackElo "2318"]
[PlyCount "76"]
[EventDate "2017.09.16"]
[EventType "team-tourn"]
[EventRounds "11"]
[EventCountry "FIN"]
[SourceTitle "EXT 2019"]
[Source "ChessBase"]
[SourceDate "2018.10.10"]
[SourceVersion "1"]
[SourceVersionDate "2018.10.10"]
[SourceQuality "1"]
[WhiteTeam "Salo SalSK"]
[BlackTeam "Tampere Tammer"]
[WhiteTeamCountry "FIN"]
[BlackTeamCountry "FIN"]

1. Nf3 d5 2. c4 d4 3. e3 Nc6 4. exd4 Nxd4 5. Nxd4 Qxd4 6. Nc3 c6 7. Qf3 Nh6 8. d3 Nf5 9. Be3 Qd8 10. Rd1 g6 11. h4 h5 12. g3 Bg7 13. Bh3 Nxe3 14. Qxe3 Bxh3 15. Rxh3 Bd4 16. Qe4 Bxc3+ 17. bxc3 Qa5 18. Rb1 Qxc3+ 19. Kf1 0-0-0 20. Rb3 Qf6 21. Kg2 Rd4 22. Qe1 Rhd8 23. Qa5 Rxd3 24. g4 Rxh3 25. Rxh3 hxg4 26. Re3 a6 27. Rb3 Qd4 28. c5 Qe4+ 29. Kg3 Rd1 30. f3 gxf3 31. Rxf3 Rg1+ 32. Kf2 Rf1+ 33. Kxf1 Qxf3+ 34. Ke1 Qe4+ 35. Kd2 Qxh4 36. Qc3 Qf2+ 37. Kd1 Qxa2 38. Qh3+ Qe6 0-1

[Event "Helsinki We MatSK (std)"]
[Site "Helsinki"]
[Date "2017.02.26"]
[Round "6"]
[White "Rehn, Ralf"]
[Black "Ertbjerg, Per"]
[Result "1-0"]
[WhiteElo "2139"]
[BlackElo "1897"]
[PlyCount "99"]
[EventDate "2017.02.24"]
[EventType "swiss"]
[EventRounds "7"]
[EventCountry "FIN"]
[SourceTitle "EXT 2022"]
[Source "ChessBase"]
[SourceDate "2021.10.06"]
[SourceVersion "1"]
[SourceVersionDate "2021.10.06"]
[SourceQuality "1"]

1. e4 c5 2. b4 cxb4 3. a3 e6 4. axb4 Bxb4 5. c3 Be7 6. Nf3 d6 7. d4 Nf6 8. Bd3 Nc6 9. 0-0 0-0 10. Qc2 Qc7 11. Ba3 a6 12. Re1 h6 13. Nbd2 b5 14. e5 dxe5 15. Bxe7 Nxe7 16. Nxe5 Bb7 17. Nb3 Ned5 18. Nc5 Nf4 19. Bf1 Rfd8 20. g3 N4d5 21. Bh3 Bc8 22. Bg2 a5 23. Rab1 Rb8 24. c4 bxc4 25. Rxb8 Qxb8 26. Nc6 Nb4 27. Nxb4 axb4 28. Qxc4 Nd5 29. Rb1 Bb7 30. Bh3 Qa8 31. Re1 Kh8 32. Qd3 Nc3 33. Qe3 Bd5 34. Nd3 Qb7 35. Nc5 Qa7 36. Bg2 Qa8 37. Bf1 Qa2 38. Nd3 Rb8 39. Nxb4 Rxb4 40. Qxc3 Rb3 41. Qc8+ Kh7 42. Qc1 Rb2 43. Bd3+ f5 44. Qf4 Rd2 45. Bb1 Qb2 46. Bxf5+ Kh8 47. Bg6 Qb4 48. Rc1 Bc6 49. Rxc6 Rd1+ 50. Kg2 1-0

[Event "Helsinki We MatSK (std)"]
[Site "Helsinki"]
[Date "2017.02.25"]
[Round "4"]
[White "Turov, Maxim"]
[Black "Rehn, Ralf"]
[Result "1-0"]
[WhiteElo "2597"]
[BlackElo "2139"]
[PlyCount "71"]
[EventDate "2017.02.24"]
[EventType "swiss"]
[EventRounds "7"]
[EventCountry "FIN"]
[SourceTitle "EXT 2022"]
[Source "ChessBase"]
[SourceDate "2021.10.06"]
[SourceVersion "1"]
[SourceVersionDate "2021.10.06"]
[SourceQuality "1"]

1. c4 g6 2. d4 Bg7 3. Nc3 e5 4. dxe5 Bxe5 5. Nf3 Bg7 6. Bg5 Bxc3+ 7. bxc3 f6 8. Bh4 d6 9. e4 Nd7 10. Qa4 Kf7 11. Nd4 Nc5 12. Qc2 Qf8 13. Nb3 b6 14. Nxc5 bxc5 15. Bd3 Bd7 16. f4 Qh6 17. Qf2 f5 18. 0-0 Re8 19. e5 dxe5 20. Bg5 Qg7 21. Qxc5 h6 22. Bh4 e4 23. Qxc7 Nf6 24. Be2 Re7 25. Qxa7 Be6 26. Qe3 Rc8 27. Rfd1 Bxc4 28. Rd6 Be6 29. Rad1 Rec7 30. c4 Ne8 31. R6d4 Qf8 32. Bd8 Rc6 33. Ba5 Nf6 34. a3 Qe8 35. Qb3 Kg8 36. Rd8 1-0